Online
Catalog

Sobre el proyecto de la Constitución de la Unión de repúblicas socialistas soviéticas / (Record no. 33706)

MARC details
000 -CABECERA
campo de control de longitud fija 00617nam a2200157 a 4500
001 - NÚMERO DE CONTROL
campo de control 000034215
005 - FECHA Y HORA DE LA ÚLTIMA TRANSACCIÓN
campo de control 20200930070856.0
008 - DATOS DE LONGITUD FIJA--INFORMACIÓN GENERAL
campo de control de longitud fija 110928s1943 dr 000 0 spa d
040 ## - FUENTE DE LA CATALOGACIÓN
Centro catalogador/agencia de origen DO-SdBNP
Lengua de catalogación spa
Centro/agencia transcriptor BNPHU
049 ## - FONDOS LOCALES (OCLC)
Fondos de biblioteca BNPD
100 1# - ENTRADA PRINCIPAL--NOMBRE DE PERSONA
Nombre de persona Stalin, Joseph,
Fechas asociadas al nombre 1879-1953.
9 (RLIN) 32407
245 10 - MENCIÓN DE TÍTULO
Título Sobre el proyecto de la Constitución de la Unión de repúblicas socialistas soviéticas /
Mención de responsabilidad, etc. I. Stalin.
260 ## - PUBLICACIÓN, DISTRIBUCIÓN, ETC.
Lugar de publicación, distribución, etc. Ciudad Trujillo, República Dominicana :
Nombre del editor, distribuidor, etc. [s.n.],
Fecha de publicación, distribución, etc. 1943.
300 ## - DESCRIPCIÓN FÍSICA
Extensión 75 p. ;
Dimensiones 24 cm.
500 ## - NOTA GENERAL
Nota general Informe presentado al VIII Congreso extraordinario de los soviets de la U.R.S.S. el 25 de noviembre de 1936
Holdings
Estado de retiro Estado de pérdida Restricciones de uso No para préstamo Código de colección Localización permanente Ubicación/localización actual Ubicación en estantería Fecha de adquisición Número de inventario Total de préstamos Signatura topográfica completa Código de barras Fecha visto por última vez Precio válido a partir de Tipo de ítem Koha Nota pública
      Excluido de préstamo Raros y valiosos Patrimonio Dominicano Patrimonio Dominicano En catalogación 28.09.2011 LF1   34215-10 25.06.2020 25.06.2020 No se presta Perteneció a la biblioteca personal de Martínez Boog

Powered by Koha